Municipalities of the Milan metro area - Statistics

General Stats
  • This quiz has been taken 21 times
  • The average score is 40 of 133
Answer Stats
Population Answer % Correct
1.366.155 Milan
100%
50.831 Rho
90%
78.843 Sesto San Giovanni
76%
74.847 Cinisello Balsamo
71%
60.646 Legnano
71%
21.310 Gorgonzola
62%
40.028 San Giuliano Milanese
62%
32.709 Abbiategrasso
57%
47.153 Cologno Monzese
57%
24.735 Magenta
57%
11.840 Pero
57%
26.530 Bresso
52%
41.578 Rozzano
52%
37.079 Segrate
52%
36.356 Bollate
48%
34.679 Corsico
48%
8.958 Gessate
48%
18.119 Melegnano
48%
14.389 Opera
48%
37.270 Pioltello
48%
32.202 San Donato Milanese
48%
34.773 Cernusco sul Naviglio
43%
26.899 Garbagnate Milanese
43%
47.534 Paderno Dugnano
43%
21.723 Trezzano sul Naviglio
43%
4.708 Albairate
38%
26.455 Buccinasco
38%
12.713 Canegrate
38%
13.909 Cassina de' Pecchi
38%
23.322 Cesano Boscone
38%
19.112 Corbetta
38%
9.458 Gaggiano
38%
26.360 Lainate
38%
10.331 Locate di Triulzi
38%
20.301 Novate Milanese
38%
28.233 Parabiago
38%
15.776 Pieve Emanuele
38%
7.293 Pregnana Milanese
38%
12.243 Trezzo sull'Adda
38%
16.978 Vimodrone
38%
9.326 Assago
33%
20.766 Cormano
33%
20.660 Cornaredo
33%
11.170 Paullo
33%
24.319 Peschiera Borromeo
33%
19.901 Settimo Milanese
33%
5.421 Trezzano Rosa
33%
19.500 Arese
29%
12.562 Arluno
29%
8.369 Bussero
29%
19.700 Cassano d'Adda
29%
18.355 Melzo
29%
4.184 Mesero
29%
8.465 Pogliano Milanese
29%
14.312 Rescaldina
29%
7.474 San Colombano al Lambro
29%
21.573 Senago
29%
9.367 Vanzago
29%
9.373 Vignate
29%
9.287 Vittuone
29%
11.985 Baranzate
24%
17.227 Bareggio
24%
2.914 Bernate Ticino
24%
14.044 Busto Garolfo
24%
15.688 Carugate
24%
19.025 Cusano Milanino
24%
6.366 Dairago
24%
3.203 Grezzago
24%
8.492 Inveruno
24%
11.378 Inzago
24%
9.140 Lacchiarella
24%
4.001 Liscate
24%
16.982 Nerviano
24%
5.802 Pantigliate
24%
9.021 Pessano con Bornago
24%
6.785 San Giorgio su Legnano
24%
8.374 San Vittore Olona
24%
14.120 Solaro
24%
5.819 Truccazzano
24%
9.713 Vaprio d'Adda
24%
3.850 Vizzolo Predabissi
24%
6.861 Arconate
19%
3.785 Bellinzago Lombardo
19%
7.073 Binasco
19%
4.063 Boffalora sopra Ticino
19%
4.675 Buscate
19%
7.275 Cambiago
19%
3.926 Casarile
19%
5.647 Casorezzo
19%
10.913 Castano Primo
19%
5.167 Cerro al Lambro
19%
15.030 Cerro Maggiore
19%
5.142 Cisliano
19%
8.135 Cuggiono
19%
4.790 Cusago
19%
3.094 Dresano
19%
6.379 Marcallo con Casone
19%
12.355 Mediglia
19%
638 Nosate
19%
4.393 Ossona
19%
1.390 Ozzero
19%
6.739 Pozzo d'Adda
19%
8.796 Pozzuolo Martesana
19%
4.801 Robecchetto con Induno
19%
6.742 Robecco sul Naviglio
19%
4.666 Rodano
19%
5.025 Santo Stefano Ticino
19%
4.424 San Zenone al Lambro
19%
7.168 Turbigo
19%
5.361 Vanzaghello
19%
3.638 Basiano
14%
7.903 Basiglio
14%
2.044 Besate
14%
2.482 Bubbiano
14%
4.140 Carpiano
14%
14.320 Cesate
14%
1.630 Gudo Visconti
14%
9.504 Magnago
14%
997 Morimondo
14%
8.243 Motta Visconti
14%
4.556 Noviglio
14%
5.661 Rosate
14%
12.999 Sedriano
14%
7.381 Settala
14%
3.874 Tribiano
14%
5.993 Vermezzo con Zelo
14%
6.289 Villa Cortese
14%
6.670 Zibido San Giacomo
14%
1.202 Calvignasco
10%
1.931 Cassinetta di Lugagnano
10%
2.049 Colturano
10%
3.883 Masate
10%
3.410 Vernate
10%
No matching quizzes found
Score Distribution
Percent of People with Each Score
Percentile by Number Answered
Your Score History
You have not taken this quiz